000 00264nam a22001217a 4500
999 _c160067
_d160067
082 _a
_b
100 _aby Nagsaran Singh.
245 _aThe smriti sandarbha (v.7)/
_cby Nagsaran Singh.
260 _aDelhi:
_bNag,
_c
300 _a
650 _a
942 _cBK